000
00303nam a22001097a 4500
008
230704b xxu||||| |||| 00| 0 eng d
082
_a
341
_b
CMS 2006
245
_a
Invitation to the 7th International Conference of Chief Justices of the World
260
_a
India
_c
2006
300
_a
252p
942
_2
ddc
_c
BK
999
_c
3937
_d
3937